00468nam a2200181Ia 4500003000400000005001700004008004100021020001800062040000700080041000800087082002200095100004200117245004400159250000700203260005000210300001300260365001300273OSt20230424145359.0210423s2012 xx 000 0 und d a9789350710579 cAL aeng a657.46 223bSINT aSINGHANIA (Vinod K);SINGHANIA (Kapil) aTaxmanns direct taxes: law and practice a48 aNew DelhibTaxmann Publications Pvt Ltdc2012 a1512bPB b725cINR